01292nam a2200337 i 4500001000300000003000900003005001700012008003900029015001700068040003500085041001300120080000800133080001500141100003500156245012000191246008200311260003100393300004700424380001700471521009100488658003100579650001700610650002500627700004900652710003200701856009800733942001200831999001700843952004700860952004700907bgKOSZ 00520190820135726.0080123s1966 pl a f 000 0 pol aPB 1966/6205 aWA NcKOSZ 005/RWdKOSZ 005/RW1 apolhger a691 a666.97/.981 aDanilov, Nikolaj Nikolaevič.10aZmechanizowana produkcja prefabrykatów betonowych i żelbetowych /cNikołaj N. Daniłow ; tł. Jerzy Łempicki.1 iTyt. oryg.:aMechanisierte Herstellung von Beton- und Stahlbetonfertigteilen. aWarszawa :bArkady,c1966. a366, [1] s., [3] k. tabl. :bil. ;c25 cm. aKsiążki.8 aDla słuchaczy wyższych szkół technicznych oraz dla inżynierów i techników. aArchitektura i budownictwo 4aPrefabrykaty 4aMateriały budowlane1 aŁempicki, Jerzyd(1923-2005).eTłumaczenie2 aWydawnictwo "Arkady".4pbl. uhttp://koha.tu.koszalin.pl/cgi-bin/koha/opac-detail.pl?biblionumber=10671yKatalog online BPK 2UKDcKS c10671d10671 00104070aBPKbBPKcwo126p02089195yKS 00104070aBPKbBPKcwo127p02089188yKS